000 00420nam a2200157Ia 4500
005 20250508150715.0
008 008 250505s9999 xx 000 0 eng d
037 _aTextual
040 _aFEDL
_beng
_cFEDL
041 _aeng
_2eng
084 _a372.4, ARN
_qFEDL
245 0 _aColour photo books.
260 _aGlasgow
_bE J Arnold and Son Ltd.
942 _cTEXL
_h372.4, ARN
999 _c1325182
_d1325182